Flatpack future (Record no. 77605)

MARC details
000 -LEADER
fixed length control field 01151cab a2200193 4500
001 - CONTROL NUMBER
control field ##L134643
008 - FIXED-LENGTH DATA ELEMENTS--GENERAL INFORMATION
fixed length control field 060822n2006 000 0 eng u
035 ## - SYSTEM CONTROL NUMBER
System control number (Sirsi) u134643
041 0# - LANGUAGE CODE
Language code of text/sound track or separate title eng
100 1# - MAIN ENTRY--PERSONAL NAME
Personal name McCormick, Helen
245 00 - TITLE STATEMENT
Title Flatpack future
260 ## - PUBLICATION, DISTRIBUTION, ETC.
Date of publication, distribution, etc. 2006
490 #0 - SERIES STATEMENT
Series statement Contract Journal
Volume/sequential designation 434(6587) 9 August 2006, 12-13(2)
520 ## - SUMMARY, ETC.
Summary, etc. Reports on how offsite manufacturer Panaloc helped Taylor Woodrow erect new housing in Salford within a tight timescale of 24 weeks. The key to the process was Panaloc's use of computer numerical control which converts an architect's drawing into a virtual 3D model which is then interrogated to find the most efficient way of actually constructing each property. In an area where there are labour shortages, the process also enabled the number of assembly workers to be kept to a minimum. The properties comprised individual floor, wall and ceiling panels, assembled into two boxes, ground and first floor. Each house took on average three and a half days to erect on site.
590 ## - LOCAL NOTE (RLIN)
Local note IKA050906
651 #4 - SUBJECT ADDED ENTRY--GEOGRAPHIC NAME
Geographic name NORTHWEST ENGLAND
690 ## - LOCAL SUBJECT ADDED ENTRY--TOPICAL TERM (OCLC, RLIN)
Topical term or geographic name as entry element Construction management
9 (RLIN) 6230
942 ## - ADDED ENTRY ELEMENTS (KOHA)
Suppress in OPAC 0
Holdings
Withdrawn status Lost status Source of classification or shelving scheme Damaged status Not for loan Home library Current library Shelving location Date acquired Total Checkouts Full call number Barcode Date last seen Copy number Price effective from Koha item type
    Dewey Decimal Classification     London London Journal article 22/08/2006   L134643 134643-1001 06/08/2019 1 06/08/2019 Journal article